|
|
|
|
| LEADER |
00000cam a2200000 a 4500 |
| 001 |
vtls001309152 |
| 003 |
SK-MaSNL |
| 005 |
20260301113906.0 |
| 008 |
230403s1958 xo oab crp 00000 slo |
| 015 |
|
|
|a SNBA1958/08-01142
|
| 020 |
|
|
|q (viazané)
|
| 035 |
|
|
|a SNK000261476
|
| 035 |
|
|
|a urn:nbn:sk:snk-am3i8ds
|
| 035 |
|
|
|a 6E401BE8-12C0-406B-A260-6FD72B112D47
|
| 035 |
|
|
|a urn:nbn:sk:snk-am00dxa8
|
| 040 |
|
|
|a SNK
|b slo
|c SNK
|e AACR2
|
| 041 |
1 |
|
|a slo
|h cze
|
| 044 |
|
|
|a xo
|c SK
|
| 072 |
|
7 |
|a 93/94
|x Dejiny (všeobecne)
|2 konspekt
|
| 072 |
|
7 |
|a 37.016
|x Učebné osnovy. Vyučovacie predmety. Učebnice
|2 konspekt
|
| 080 |
|
|
|a 93/94
|2 2011
|
| 080 |
|
|
|a (075.2)
|2 2011
|
| 245 |
0 |
0 |
|a Dejepis
|b učebný text pre 7. postupný ročník všeobecnovzdelávacích škôl
|c [I.-IV. kapitolu spracovali: Jaroslav Šlajer ... [et al.]] ; V.-VIII. kapitolu spracovali: Alois Sosík a Emil Stračár]
|
| 250 |
|
|
|a 5. opravené vyd.
|
| 260 |
|
|
|a Bratislava
|b Slovenské pedagogické nakladateľstvo
|c 1958
|
| 300 |
|
|
|a 187 strán, [32] strán obrazových príloh
|b fotografie, ilustrácie, mapy
|c 21 cm
|
| 366 |
|
|
|e 54100 kusov
|
| 500 |
|
|
|a Chronologická tabuľka na strane 184-185. Zoznam obrázkov v prílohe na strane 186-187
|
| 500 |
|
|
|a Preložené z češtiny
|
| 650 |
0 |
7 |
|a dejepis
|2 SNKPH
|9 4288
|
| 655 |
|
7 |
|a učebnice základných škôl
|2 SNKPH
|9 70187
|
| 700 |
1 |
|
|a Šlajer, Jaroslav,
|d 1920-1975
|4 com
|9 190108
|
| 700 |
1 |
|
|a Sosík, Alois
|4 com
|9 65297
|
| 700 |
1 |
|
|a Stračár, Emil,
|d 1923-1981
|4 com
|9 192833
|
| 852 |
|
|
|a Slovenská národná knižnica
|
| 954 |
|
|
|a odborná, vedecká literatúra cudzojazyčná (svetová)
|2 lita
|
| 954 |
|
|
|a odborná, vedecká literatúra pôvodná (slovenská)
|2 lita
|
| 958 |
|
|
|a RK
|
| 958 |
|
|
|a TL
|
| 958 |
|
|
|a OND
|
| 958 |
|
|
|a DB
|
| 958 |
|
|
|a SP
|
| 958 |
|
|
|a CZ
|
| 958 |
|
|
|a OP
|
| 958 |
|
|
|a EUIPO
|
| 958 |
|
|
|a UC
|
| 999 |
|
|
|c 716188
|d 718118
|
| 952 |
|
|
|a SNK
|b SNK
|y PREZ
|7 0
|p 17A0106946
|o snkSC 11784
|i snkKSP 2285/58
|0 0
|1 0
|4 0
|d 1997-11-05
|f 1
|l 0
|r 2025-07-11 00:00:00
|w 2026-02-23
|